|
|
|
|
| LEADER |
00000nab a2200000 4500 |
| 001 |
vtls011828451 |
| 003 |
SK-MaSNL |
| 005 |
20260305024621.0 |
| 008 |
181207|2018 xo |||| ||an ||00 0|slo |
| 015 |
|
|
|a SNBRB2018/12
|
| 040 |
|
|
|a SPKCL
|b slo
|e rda
|
| 041 |
|
|
|a slo
|b slo
|
| 044 |
|
|
|a xo
|c SK
|
| 072 |
|
7 |
|a 616.89
|x Psychiatria
|2 konspekt
|
| 072 |
|
7 |
|a 34
|x Právo
|2 konspekt
|
| 072 |
|
7 |
|a 364
|x Sociálne problémy vyžadujúce podporu a pomoc. Sociálne zabezpečenie
|2 konspekt
|
| 072 |
|
7 |
|a 37
|x Výchova a vzdelávanie
|2 konspekt
|
| 080 |
|
|
|a 616.89-008.47
|2 2011
|
| 080 |
|
|
|a 34
|2 2011
|
| 080 |
|
|
|a 364.636
|2 2011
|
| 080 |
|
|
|a 373/378
|2 2011
|
| 245 |
0 |
0 |
|a Smernica č. 36/2018 k prevencii a riešeniu šikanovania detí a žiakov v školách a školských zariadeniach
|
| 300 |
|
|
|b Tabuľky
|
| 336 |
|
|
|a text
|b txt
|2 rdacontent
|
| 337 |
|
|
|a bez média
|b n
|2 rdamedia
|
| 338 |
|
|
|a zväzok
|b nc
|2 rdacarrier
|
| 504 |
|
|
|a Obsahuje bibliografiu
|
| 546 |
|
|
|a Slovenské resumé
|
| 650 |
0 |
7 |
|a poruchy správania
|2 SNKPH
|9 18480
|
| 650 |
0 |
7 |
|a právne predpisy
|2 SNKPH
|9 1155
|
| 650 |
0 |
7 |
|a šikanovanie
|2 SNKPH
|9 14958
|
| 650 |
0 |
7 |
|a školy
|2 SNKPH
|9 1276
|
| 773 |
0 |
|
|t Prevencia : informačný bulletin zameraný na prevenciu sociálno-patologických javov v rezorte školstva
|g Roč. XVII, č. 3 (2018), s. 49-54
|x 1336-3689
|
| 787 |
0 |
8 |
|i Recenzia:
|
| 958 |
|
|
|a NB
|
| 999 |
|
|
|c 3303813
|d 3305743
|